Ehemalige deutsche Kfz-Kennzeichen - Statistiken

Allgemein
  • Dieses Quiz wurde 56 mal gespielt
  • Das Durchschnittsergebnis liegt bei 24 aus 70
Antwortstatistiken
Kennzeichen Bis Bundesland Landkreis % Korrekt
JEV 1978 Niedersachsen Friesland (Jever)
79%
LÜD 1975 Nordrhein-Westfalen Lüdenscheid
77%
LS 1979 Nordrhein-Westfalen Märkischer Kreis (Lüdenscheid)
77%
MEP 1978 Niedersachsen Meppen
74%
HUS 1970 Schleswig-Holstein Husum
69%
IS 1975 Nordrhein-Westfalen Iserlohn
69%
EUT 1970 Schleswig-Holstein Eutin
67%
OLD 1970 Schleswig-Holstein Oldenburg in Holstein
62%
SFA 2011 Niedersachsen Soltau-Fallingbostel
56%
ALS 1972 Hessen Alsfeld
51%
EIH 1979 Bayern Eichstätt
51%
EHI 1973 Baden-Württemberg Ehingen
49%
FAL 1981 Niedersachsen Fallingbostel
49%
LUK 1994 Brandenburg Luckenwalde
49%
NRÜ 1974 Niedersachsen Neustadt am Rübenberge
49%
NH* 1956 Rheinland-Pfalz Neustadt an der Haardt (heute:Neuhaus)
49%
NEU 1973 Baden-Württemberg Neustadt im Schwarzwald
49%
BRI 1975 Nordrhein-Westfalen Brilon
46%
DT 1990 Nordrhein-Westfalen Detmold
46%
SOL 1978 Niedersachsen Soltau
46%
AR 1975 Nordrhein-Westfalen Arnsberg
44%
ESA 1995 Thüringen Eisenach
44%
JB 1994 Brandenburg Jüterbog
44%
LIN 1978 Niedersachsen Lingen
44%
NW* 1956 Rheinland-Pfalz Neuwied (heute: Neustadt a.d. Weinstraße)
44%
OR 1994 Brandenburg Oranienburg
44%
HÜN 1972 Hessen Hünfeld
41%
BZA 1969 Rheinland-Pfalz Bad Bergzabern
38%
L* 1990 Hessen Lahn-Dill-Kreis (heute: Leipzig)
38%
MÜL 1973 Baden-Württemberg Müllheim
38%
NIB 1970 Schleswig-Holstein Südtondern (Niebüll)
38%
VL 1972 Baden-Württemberg Villingen
38%
ST* 1956 Niedersachsen Stade (heute: Steinfurt)
33%
AL 1969 Nordrhein-Westfalen Altena
28%
MES 1979 Nordrhein-Westfalen Hochsauerlandkreis (Meschede)
28%
SPR 1974 Niedersachsen Springe
28%
MT 1979 Rheinland-Pfalz Westerwaldkreis (Montabaur)
28%
TÖN 1970 Schleswig-Holstein Eiderstedt (Tönning)
26%
LE 1973 Nordrhein-Westfalen Lemgo
26%
MÜN 1973 Baden-Württemberg Münsingen
26%
BR 1973 Baden-Württemberg Bruchsal
23%
HZ* 1994 Brandenburg Herzberg (heute: Harz)
23%
KAR 1979 Bayern Karlstadt
23%
FH 1980 Hessen Main-Taunus-Kreis (Frankfurt-Höchst)
23%
PER 1994 Brandenburg Perleberg
23%
PK 1994 Brandenburg Pritzwalk
23%
STH 1978 Niedersachsen Schaumburg-Lippe (Stadthagen)
23%
LAT 1979 Hessen Lauterbach
21%
OTT 1978 Niedersachsen Otterndorf
21%
ZS 1994 Brandenburg Zossen
21%
ASD 1978 Niedersachsen Aschendorf-Hümmling
18%
DS 1973 Baden-Württemberg Donaueschingen
18%
GEM 1974 Bayern Gemünden am Main
18%
LOH 1974 Bayern Lohr am Main
18%
RY 1975 Nordrhein-Westfalen Stadt Rheydt
18%
BEI 1974 Bayern Beilngries
15%
MAR 1974 Bayern Marktheidenfeld
15%
SNH 1973 Baden-Württemberg Sinsheim
15%
BEL 1994 Brandenburg Belzig
13%
GRS 1994 Brandenburg Gransee
13%
WEB 1974 Rheinland-Pfalz Oberwesterwald (Westerburg)
13%
SF 1979 Bayern Sonthofen
13%
BU 1974 Niedersachsen Burgdorf
10%
LK 1973 Nordrhein-Westfalen Lübbecke
10%
ROH 1969 Niedersachsen Rotenburg in Hannover (Wümme)
10%
WEG 1973 Bayern Wegscheid
10%
VOF 1973 Bayern Vilshofen
8%
HW 1973 Nordrhein-Westfalen Halle in Westfalen
5%
WEM 1978 Niedersachsen Wesermünde
5%
WD 1973 Nordrhein-Westfalen Wiedenbrück
5%
Keine übereinstimmenden Quizze gefunden
Verteilung der Resultate
Anzahl Personen mit jedem Resultat
Perzentil nach korrekt beantworteten Fragen
Ihre Resultats-Entwicklung
Sie haben dieses Quiz noch nicht gespielt